Yleistieto 2 - Statistics

Yleistilastot
  • Tätä visaa on pelattu 161 kertaa
  • Keskiarvotulos 6 / 10
Vastaustilastot
Hint Vastaus % Oikein
Mikä on maailman pisin joki Niili
86%
Kuka on maailman kaikkien aikojen paras mäkihyppääjä Matti nykänen
85%
Mikä on maailman isoin saari Grönlanti
83%
Mikä on romanian pääkaupunki Bukarest
80%
Mikä on istanbulin vanha nimi Konstantinopoli
64%
Euroopan suurin kaupunki pintaalaltaan Rovaniemi
57%
Mikä on maailman myydyin tietokone peli Minecraft
46%
Mikä on maailman suurin järvi Kaspianmeri
42%
Minä vuonna on rakennettu Eiffel torni 1887
24%
Missä maassa järjestettiin maailman ensimmäiset olympialaiset Kreikassa
22%
Ehtoja vastaavia visoja ei löytynyt
Tulosjakauma
Jokaisen tuloksen saaneiden osuus
Persentiili vastausten määrän mukaan
Tuloshistoriasi
Et ole pelannut tätä visaa